[Event "Ramadan Master Open"]
[Site "Abu Dhabi UAE"]
[Date "2010.08.16"]
[Round "5"]
[White "Ibrahim,I UAE"]
[Black "Faisal,Ab"]
[Result "1-0"]
[WhiteElo "2157"]
[BlackElo "2282"]
[EventDate "2010.08.12"]

1. Nf3 c5 2. g3 Nc6 3. Bg2 g6 4. d4 cxd4 5. Nxd4 Bg7 6. Nxc6 bxc6 7. O-O
Nf6 8. c4 O-O 9. Nc3 Rb8 10. Rb1 c5 11. Bf4 d6 12. Qd2 Bf5 13. e4 Be6 14.
b3 Ng4 15. f3 Ne5 16. Bh6 Nc6 17. Bxg7 Kxg7 18. Ne2 Qa5 19. Qxa5 Nxa5 20.
f4 f6 21. Rfe1 Bg4 22. Nc3 Nc6 23. e5 Nd4 24. exd6 exd6 25. Re7+ Rf7 26.
Rbe1 Kf8 27. Nd5 Nc6 28. Rxf7+ Kxf7 29. Nxf6 Kxf6 30. Bxc6 Rd8 31. Kg2 Bd7
32. Bd5 h6 33. h3 a5 34. g4 Rb8 35. Kg3 a4 36. bxa4 Rb2 37. h4 g5 38. fxg5+
hxg5 39. Rf1+ Kg6 40. h5+ Kh6 41. Rf6+ Kh7 42. Rf7+ 1-0

[Event "Ramadan Master Open"]
[Site "Abu Dhabi UAE"]
[Date "2010.08.17"]
[Round "6"]
[White "Grigoryan,Av"]
[Black "Korobov,A"]
[Result "0-1"]
[WhiteElo "2584"]
[BlackElo "2657"]
[EventDate "2010.08.12"]

1. d4 Nf6 2. c4 g6 3. g3 Bg7 4. Bg2 O-O 5. Nc3 Nc6 6. Nf3 d6 7. O-O a6 8.
b3 Rb8 9. Nd5 Ne4 10. Bb2 f5 11. Rc1 Bd7 12. Nc3 Nf6 13. d5 Na5 14. Qd3 c5
15. Nb1 b5 16. Bc3 Bh6 17. Rcd1 Ne4 18. Ba1 bxc4 19. bxc4 Rb4 20. Nfd2 Nf6
21. e3 Bg7 22. Nc3 Ng4 23. Qe2 Ne5 24. a3 Rb8 25. h3 Nb3 26. Nxb3 Rxb3 27.
Qa2 Rb8 28. Ne2 Qa5 29. f4 Nf7 30. Bxg7 Kxg7 31. Rb1 Kg8 32. Rb2 e5 33.
dxe6 Bxe6 34. Rfb1 Rb5 35. a4 Rxb2 36. Rxb2 Re8 37. Kf2 Kf8 38. Qb3 h5 39.
Nc3 g5 40. Nd5 h4 41. Qb6 hxg3+ 42. Kxg3 Qe1+ 43. Rf2 Bxd5 44. Bxd5 Rxe3+
45. Kg2 gxf4 46. Bf3 Re6 47. Qb8+ Kg7 48. Qb2+ Ne5 49. Kh2 Rg6 50. Bg2 Kh6
51. Qc2 f3 52. Qxf5 Qxf2 53. Qf8+ Kh7 54. Qe7+ Rg7 0-1

[Event "Ramadan Master Open"]
[Site "Abu Dhabi UAE"]
[Date "2010.08.17"]
[Round "6"]
[White "Guliev,Sarh"]
[Black "Anastasian,A"]
[Result "0-1"]
[WhiteElo "2485"]
[BlackElo "2578"]
[EventDate "2010.08.12"]

1. d4 Nf6 2. Nf3 e6 3. c4 b6 4. a3 Bb7 5. Nc3 d5 6. Bg5 dxc4 7. e3 Nbd7 8.
Bxc4 Be7 9. O-O O-O 10. Qe2 h6 11. Bh4 Ne4 12. Bxe7 Qxe7 13. Nxe4 Bxe4 14.
Ba6 c5 15. Rac1 Bxf3 16. Qxf3 cxd4 17. exd4 Nf6 18. Rc4 Rad8 19. Rfc1 Nd5
20. g3 Rd6 21. h4 Rfd8 22. Qe4 Qe8 23. Rc8 Rxc8 24. Rxc8 Rd8 25. Rc1 Qd7
26. Qe5 Qa4 27. Bd3 Qb3 28. Qe2 Qa4 29. Qe5 a5 30. Kg2 Kf8 31. Be4 Nf6 32.
Bf3 Qxd4 33. Qc7 Qd6 34. Qb7 Qb8 35. Qa6 Nd7 36. b4 axb4 37. axb4 Ne5 38.
Bc6 Qd6 39. Qxb6 Rb8 40. Qc5 Qxc5 41. Rxc5 Nd3 42. Rb5 Rxb5 43. Bxb5 Nxb4
44. Kf3 Ke7 45. Ke4 Nd5 46. Bc4 Kd6 47. f4 Ne7 48. h5 Ng8 49. g4 Nf6+ 50.
Kf3 Nd7 51. g5 hxg5 0-1

[Event "Ramadan Master Open"]
[Site "Abu Dhabi UAE"]
[Date "2010.08.17"]
[Round "6"]
[White "Gabuzyan,H"]
[Black "Antonio,V"]
[Result "1-0"]
[WhiteElo "2261"]
[BlackElo "2208"]
[EventDate "2010.08.12"]

1. e4 c5 2. Nf3 d6 3. d4 cxd4 4. Nxd4 Nf6 5. Nc3 Nc6 6. Be3 g6 7. f3 Bg7 8.
Bc4 O-O 9. Qd2 Bd7 10. O-O-O Rc8 11. Bb3 Ne5 12. Kb1 Re8 13. h4 h5 14. g4
hxg4 15. h5 Nxh5 16. Bh6 e6 17. Rdg1 g3 18. Nce2 Bf6 19. Nxg3 Nc4 20. Bxc4
Rxc4 21. Nxh5 Rxd4 22. Nxf6+ Qxf6 23. Bg5 Qg7 24. Qf4 f5 25. c3 Rc4 26. Rh6
Rf8 27. Be7 Be8 28. Bxf8 Kxf8 29. Qxd6+ Kf7 30. Rhxg6 1-0

[Event "Ramadan Master Open"]
[Site "Abu Dhabi UAE"]
[Date "2010.08.17"]
[Round "6"]
[White "Sharbaf,M"]
[Black "Amin,B"]
[Result "1-0"]
[WhiteElo "2370"]
[BlackElo "2568"]
[EventDate "2010.08.12"]

1. e4 e5 2. Nf3 Nc6 3. Bb5 a6 4. Ba4 Nf6 5. d4 Nxe4 6. Qe2 b5 7. Nxe5 bxa4
8. Qxe4 d5 9. Nxc6+ dxe4 10. Nxd8 Kxd8 11. Nc3 Bb4 12. Bd2 Bxc3 13. Bxc3
Bb7 14. d5 Bxd5 15. O-O-O c6 16. Bxg7 Rg8 17. c4 Rxg7 18. cxd5 c5 19. g3
Kd7 20. Rhe1 f5 21. Re3 Kd6 22. a3 Rb8 23. Rc3 Rb5 24. Rc4 Ra5 25. f3 Re7
26. g4 exf3 27. gxf5 Rf7 28. Rf4 c4 29. Rxf3 Rb5 30. Rf4 Rc5 31. Kc2 Rc8
32. Rd2 Rb7 33. f6 Ke5 34. Rf3 Rb3 35. Re2+ Kd6 36. Ree3 Kxd5 37. f7 Kd4
38. Rxb3 axb3+ 39. Kd2 Rf8 40. a4 c3+ 41. bxc3+ Ke4 42. Rf1 a5 43. Kc1 Kd3
44. Kb2 Kc4 45. Rf3 h6 46. h3 Kc5 47. Kxb3 Rb8+ 48. Kc2 Rf8 49. h4 Kc4 50.
Rf6 Kc5 51. h5 Kd5 52. Rf2 Kc5 53. Rf5+ Kc4 54. Kb2 Rb8+ 55. Kc1 1-0

[Event "Ramadan Master Open"]
[Site "Abu Dhabi UAE"]
[Date "2010.08.17"]
[Round "6"]
[White "Arun Prasad,S"]
[Black "Sturua,Z"]
[Result "0-1"]
[WhiteElo "2535"]
[BlackElo "2512"]
[EventDate "2010.08.12"]

1. d4 Nf6 2. c4 e6 3. g3 d5 4. Nf3 dxc4 5. Bg2 c5 6. O-O Nc6 7. Ne5 Bd7 8.
Na3 cxd4 9. Naxc4 Bc5 10. Bf4 O-O 11. Qb3 Rc8 12. Nd3 Bb6 13. Rfc1 e5 14.
Ncxe5 Be6 15. Nxc6 Rxc6 16. Qb5 Bd5 17. Bxd5 Rxc1+ 18. Rxc1 Nxd5 19. Qc4
Re8 20. Be5 h6 21. Rc2 Nf6 22. Bxf6 Qxf6 23. Qd5 Qe6 24. Qxe6 Rxe6 25. Rc8+
Kh7 26. Kf1 Re7 27. Ke1 Kg6 28. a4 Kf5 29. Kd1 Ke6 30. Rg8 g6 31. g4 Kf6
32. h4 Rd7 33. Rh8 Rd8 34. Rxh6 Kg7 35. g5 Rd6 36. f3 Bd8 37. Kd2 Be7 38.
Nf2 Ra6 39. Ne4 0-1

[Event "Ramadan Master Open"]
[Site "Abu Dhabi UAE"]
[Date "2010.08.17"]
[Round "6"]
[White "Guseinov,G"]
[Black "Narayanan,Sr"]
[Result "1-0"]
[WhiteElo "2611"]
[BlackElo "2409"]
[EventDate "2010.08.12"]

1. e4 c5 2. Nf3 d6 3. d4 cxd4 4. Nxd4 Nf6 5. Nc3 Nc6 6. Bg5 Bd7 7. Qd2 Rc8
8. f4 Nxd4 9. Qxd4 Qa5 10. e5 dxe5 11. fxe5 e6 12. O-O-O Bc6 13. Nb5 Bxb5
14. exf6 Bc6 15. h4 g6 16. Bc4 Bc5 17. Qg4 h5 18. Qg3 O-O 19. Bxe6 Be4 20.
Bb3 Bxc2 21. Bxc2 Qxa2 22. Qb3 Be3+ 23. Qxe3 Qa1+ 24. Kd2 Qxb2 25. Ke1 Qxc2
26. Qd2 Rfe8+ 27. Kf2 Qf5+ 28. Qf4 Rc2+ 29. Kg1 Qc5+ 30. Kh2 Ree2 31. Rhg1
Qc6 32. Qg3 a5 33. Rde1 Rf2 34. Rc1 Qd5 35. Rxc2 Rxc2 36. Qb8+ Kh7 37. Qf8
Rxg2+ 38. Rxg2 Qe5+ 39. Kh3 Qf5+ 40. Kg3 Qg4+ 41. Kh2 1-0

[Event "Ramadan Master Open"]
[Site "Abu Dhabi UAE"]
[Date "2010.08.17"]
[Round "6"]
[White "Malakhatko,V"]
[Black "Raetsky,A"]
[Result "1/2-1/2"]
[WhiteElo "2576"]
[BlackElo "2442"]
[EventDate "2010.08.12"]

1. c4 e5 2. e3 Nf6 3. Nc3 c6 4. Nf3 d6 5. Be2 Be7 6. d4 Nbd7 7. O-O O-O 8.
Rb1 Re8 9. b4 a6 10. a3 Bf8 11. Bb2 exd4 12. Nxd4 Ne5 13. Qc2 Bd7 14. Nf3
Nxf3+ 15. Bxf3 Bg4 16. Ne4 Nxe4 17. Bxg4 Qg5 18. Be2 Re6 19. Bd3 Rae8 20.
Rbe1 d5 21. f3 Nf6 22. Bf5 Rxe3 23. Bc1 Qxf5 24. Qxf5 Rxe1 25. Bb2 dxc4 26.
Bxf6 1/2-1/2

[Event "Ramadan Master Open"]
[Site "Abu Dhabi UAE"]
[Date "2010.08.17"]
[Round "6"]
[White "El Arousy,A"]
[Black "AlHuwar,J"]
[Result "1/2-1/2"]
[WhiteElo "2251"]
[BlackElo "2311"]
[EventDate "2010.08.12"]

1. d4 Nf6 2. Nc3 d5 3. Bg5 e6 4. e4 dxe4 5. Nxe4 Nbd7 6. Nf3 h6 7. Nxf6+
Nxf6 8. Bh4 c5 9. dxc5 Bxc5 10. Bb5+ Bd7 11. Bxd7+ Qxd7 12. Qe2 O-O 13. O-O
Be7 14. c4 Rfd8 15. Rad1 Qc7 16. Ne5 Rxd1 1/2-1/2

[Event "Ramadan Master Open"]
[Site "Abu Dhabi UAE"]
[Date "2010.08.17"]
[Round "6"]
[White "Koohestani,S"]
[Black "Ibrahim,I UAE"]
[Result "1-0"]
[WhiteElo "2345"]
[BlackElo "2157"]
[EventDate "2010.08.12"]

1. d4 d5 2. Nf3 Nc6 3. c4 Bg4 4. cxd5 Bxf3 5. dxc6 Bxc6 6. Nc3 e6 7. a3 Nf6
8. f3 Bd6 9. Bg5 h6 10. Bh4 g5 11. Bf2 e5 12. e4 exd4 13. Qxd4 Qe7 14. Bb5
Bxb5 15. Nxb5 Be5 16. Qc4 a6 17. Nd4 O-O-O 18. O-O-O Kb8 19. Nf5 Qe6 20.
Qxe6 fxe6 21. Nxh6 Rxd1+ 22. Rxd1 b6 23. Nf7 Bf4+ 24. Kb1 Rxh2 25. Rd8+ Kb7
26. Bd4 e5 27. Bxe5 Bxe5 28. Nxe5 Rxg2 29. Rf8 Nh5 30. Nf7 g4 31. fxg4 Rxg4
32. e5 Kc6 33. e6 Re4 34. Nd8+ Kd6 35. Rf7 Nf4 36. Rd7+ Ke5 37. Rxc7 Nxe6
38. Nxe6 Kd6 39. Ng5 Re1+ 40. Rc1 1-0

[Event "Ramadan Master Open"]
[Site "Abu Dhabi UAE"]
[Date "2010.08.17"]
[Round "6"]
[White "Sarwat,W"]
[Black "Tissir,M"]
[Result "1/2-1/2"]
[WhiteElo "2379"]
[BlackElo "2466"]
[EventDate "2010.08.12"]

1. e4 c5 2. Nf3 e6 3. d4 cxd4 4. Nxd4 a6 5. Bd3 Bc5 6. Nb3 Be7 7. Qe2 b6 8.
O-O d6 9. f4 Nd7 10. a4 Qc7 11. N1d2 Ngf6 12. c4 O-O 13. Nf3 Bb7 14. a5
Rfe8 15. Kh1 bxa5 16. Bd2 Rab8 17. Bxa5 Qc8 18. e5 dxe5 19. fxe5 Bxf3 20.
Rxf3 Ng4 21. Rh3 f5 22. exf6 Ndxf6 23. Bxh7+ Nxh7 24. Qxg4 Ng5 25. Re3 e5
26. Qe2 Ne6 27. Rxe5 Bf6 28. Re3 Bg5 29. Rg3 Bh4 30. Rc3 1/2-1/2

[Event "Ramadan Master Open"]
[Site "Abu Dhabi UAE"]
[Date "2010.08.17"]
[Round "6"]
[White "Khouri,I"]
[Black "Khademalsharieh,S"]
[Result "1-0"]
[WhiteElo "2208"]
[BlackElo "2097"]
[EventDate "2010.08.12"]

1. e4 e5 2. f4 d5 3. exd5 exf4 4. Nf3 Nf6 5. Bc4 Bd6 6. O-O O-O 7. d4 Nbd7
8. Bb3 Ne4 9. Nbd2 Nxd2 10. Bxd2 b6 11. c4 h6 12. Re1 Qf6 13. Bc3 Qg6 14.
Bc2 Qh5 15. Qd3 Nf6 16. Ne5 g6 17. Qd2 Ng4 18. h3 Ne3 19. Rxe3 fxe3 20.
Qxe3 Qg5 21. Qf2 Qe7 22. Nc6 Qg5 23. Ne5 Qe7 24. b3 Bb7 25. Re1 Qd8 26. Bd2
Kg7 27. Ng4 Rh8 28. c5 Be7 29. c6 Bc8 30. Rf1 f5 31. Bf4 Bd6 32. Ne5 Ba6
33. Re1 Re8 34. Bxh6+ Kh7 35. Bf4 Qf6 36. Qg3 1-0

[Event "Ramadan Master Open"]
[Site "Abu Dhabi UAE"]
[Date "2010.08.17"]
[Round "6"]
[White "Omearat,A"]
[Black "Ankit,R"]
[Result "0-1"]
[WhiteElo "2218"]
[BlackElo "2362"]
[EventDate "2010.08.12"]

1. d4 d5 2. c4 c6 3. Nf3 Nf6 4. Nc3 e6 5. e3 Nbd7 6. Bd3 dxc4 7. Bxc4 b5 8.
Bd3 Bd6 9. a4 b4 10. Ne4 Nxe4 11. Bxe4 Bb7 12. O-O O-O 13. h3 Nf6 14. Bc2
c5 15. dxc5 Bxc5 16. Qe2 Ne4 17. Rd1 Qe7 18. Nd2 Nxd2 19. Bxd2 Rfd8 20.
Rac1 Rac8 21. Be1 Qg5 22. Qg4 Qxg4 23. hxg4 Rxd1 24. Bxd1 a5 25. Bf3 Ba6
26. g3 Kf8 27. Bg2 Be7 28. Rxc8+ Bxc8 29. Be4 Ba6 30. f4 Bc4 31. Bd2 Bf6
32. Bc1 h6 33. Kf2 Bb3 34. Bc6 Bd1 35. Ke1 Bxg4 36. Kd2 Ke7 37. Bb5 Bf5 38.
Bd3 Bxd3 39. Kxd3 Kd7 40. Kc4 Kc6 41. e4 Bd8 42. g4 g6 43. Kd4 Bf6+ 44. e5
Bd8 45. b3 h5 46. gxh5 gxh5 47. Bd2 h4 48. Be1 h3 49. Bg3 Bb6+ 50. Ke4 Bg1
51. Kf3 Kd5 52. Bh4 h2 53. Kg2 Bb6 54. Kxh2 Ke4 0-1

[Event "Ramadan Master Open"]
[Site "Abu Dhabi UAE"]
[Date "2010.08.18"]
[Round "7"]
[White "Korobov,A"]
[Black "Gabuzyan,H"]
[Result "1-0"]
[WhiteElo "2657"]
[BlackElo "2261"]
[EventDate "2010.08.12"]

1. d4 Nf6 2. c4 c5 3. d5 e6 4. Nc3 exd5 5. cxd5 d6 6. Nf3 g6 7. g3 Bg7 8.
Bg2 O-O 9. O-O Na6 10. Nd2 Nc7 11. a4 b6 12. Nc4 Ba6 13. Qb3 Bxc4 14. Qxc4
a6 15. Bf4 Nh5 16. Bd2 f5 17. b4 Rb8 18. bxc5 bxc5 19. Rab1 Qd7 20. Rb3 f4
21. Rfb1 Rbe8 22. gxf4 Qf5 23. e3 g5 24. Ne2 gxf4 25. exf4 Qg4 26. Kf1 Kh8
27. Re3 Bf6 28. Rxe8 Nxe8 29. Rb8 Rg8 30. Qe4 Nhg7 31. Be1 Qh5 32. h3 Qf7
33. Rb6 Qa7 34. Qb1 Qd7 35. Rxa6 Nf5 36. Rb6 Qg7 37. Ng3 Nh4 38. Rb7 Qh6
39. a5 Ng7 40. a6 Nh5 41. Be4 Ng6 42. a7 Nxg3+ 43. fxg3 Qxh3+ 44. Bg2 Qc8
45. Qb6 Qf5 46. Rb8 Qd3+ 47. Kg1 Qe3+ 48. Bf2 Qc1+ 49. Kh2 1-0

[Event "Ramadan Master Open"]
[Site "Abu Dhabi UAE"]
[Date "2010.08.18"]
[Round "7"]
[White "Anastasian,A"]
[Black "Sharbaf,M"]
[Result "1/2-1/2"]
[WhiteElo "2578"]
[BlackElo "2370"]
[EventDate "2010.08.12"]

1. d4 Nf6 2. c4 e6 3. Nf3 b6 4. a3 Bb7 5. Nc3 d5 6. Bg5 h6 7. Bxf6 Qxf6 8.
cxd5 exd5 9. g3 a6 10. Bg2 Bd6 11. O-O O-O 12. b4 Nd7 13. Qb3 Qe6 14. a4
Nf6 15. b5 a5 16. Ne1 Rfe8 17. Nd3 Ne4 18. Ra2 Rac8 19. e3 c5 20. bxc6 Ba6
21. Nb5 Rxc6 22. Rc1 Rxc1+ 23. Nxc1 Bxb5 24. axb5 Rc8 25. Rc2 Rxc2 26. Qxc2
Qd7 27. Na2 Qc7 28. Qxc7 Bxc7 29. f3 Nd2 30. Kf2 a4 31. Bf1 a3 32. Be2 Nb3
33. Ke1 f5 34. f4 Kf7 35. Bf3 Ke6 36. Nc3 Kd6 37. Kd1 Bd8 38. Kc2 Na1+ 39.
Kb1 Nb3 40. Ka2 Nd2 41. Be2 Ne4 42. Nd1 g5 43. Kxa3 g4 44. Bd3 h5 45. Bxe4
dxe4 46. Nc3 h4 47. Kb3 h3 48. Kc4 Bf6 49. Ne2 Bg7 50. d5 Kd7 51. Nc1 Bf6
52. Ne2 Bg7 53. Nd4 Bxd4 54. Kxd4 1/2-1/2

[Event "Ramadan Master Open"]
[Site "Abu Dhabi UAE"]
[Date "2010.08.18"]
[Round "7"]
[White "Sturua,Z"]
[Black "Guseinov,G"]
[Result "1/2-1/2"]
[WhiteElo "2512"]
[BlackElo "2611"]
[EventDate "2010.08.12"]

1. d4 Nf6 2. c4 g6 3. Nf3 Bg7 4. g3 c5 5. Bg2 cxd4 6. Nxd4 O-O 7. O-O d5 8.
cxd5 Nxd5 9. Nc3 Nxc3 10. bxc3 Qc7 11. Rb1 Nc6 1/2-1/2

[Event "Ramadan Master Open"]
[Site "Abu Dhabi UAE"]
[Date "2010.08.18"]
[Round "7"]
[White "Antonio,V"]
[Black "Grigoryan,Av"]
[Result "0-1"]
[WhiteElo "2208"]
[BlackElo "2584"]
[EventDate "2010.08.12"]

1. e4 g6 2. d4 Bg7 3. Nc3 c6 4. f4 d5 5. e5 h5 6. Nf3 Nh6 7. Be3 Bg4 8. Be2
Nd7 9. O-O e6 10. Bf2 Bf8 11. Qd2 c5 12. dxc5 Bxf3 13. Bxf3 Bxc5 14. Rad1
Bxf2+ 15. Rxf2 Nf5 16. Be2 Qb6 17. Bd3 Rc8 18. a4 a6 19. Rb1 Qe3 20. a5 Ke7
21. Na4 Qxd2 22. Rxd2 Nc5 23. Nxc5 Rxc5 24. b4 Rc7 25. Kf2 h4 26. Rb2 Rhc8
27. Kf3 Rc3 28. Kf2 f6 29. b5 axb5 30. Rxb5 R8c7 31. Rb6 fxe5 32. fxe5 R3c5
33. a6 bxa6 34. Rxa6 Nh6 35. Re2 g5 36. h3 Nf7 37. Bg6 d4 38. Bxf7 Kxf7 39.
Rd6 Rxc2 40. Rxd4 Rxe2+ 41. Kxe2 Kg6 42. Kf3 Kf5 43. Rd3 Rc4 44. Re3 Rf4+
45. Ke2 Re4 0-1

[Event "Ramadan Master Open"]
[Site "Abu Dhabi UAE"]
[Date "2010.08.18"]
[Round "7"]
[White "Malakhatko,V"]
[Black "Guliev,Sarh"]
[Result "0-1"]
[WhiteElo "2576"]
[BlackElo "2485"]
[EventDate "2010.08.12"]

1. d4 d5 2. c4 e6 3. Nf3 c5 4. cxd5 exd5 5. g3 Nc6 6. Bg2 Nf6 7. O-O cxd4
8. Nxd4 Be7 9. Nc3 O-O 10. Bf4 Bg4 11. h3 Bd7 12. Qd3 Qb6 13. Nxc6 bxc6 14.
Rac1 h6 15. g4 Be6 16. Na4 Qb7 17. Be3 h5 18. b3 Rac8 19. Nc5 Bxc5 20. Bxc5
hxg4 21. hxg4 Nd7 22. Rfd1 a5 23. Rd2 Qb4 24. Rdc2 Qd4 25. e3 a4 26. Rb1
Rb8 27. Qd1 f5 28. e4 g5 29. e5 Qe3 30. Qf3 Kf7 31. Qd1 Qf3 32. Qxf3 0-1

[Event "Ramadan Master Open"]
[Site "Abu Dhabi UAE"]
[Date "2010.08.18"]
[Round "7"]
[White "Amin,B"]
[Black "El Arousy,A"]
[Result "1-0"]
[WhiteElo "2568"]
[BlackElo "2251"]
[EventDate "2010.08.12"]

1. e4 e6 2. d3 b6 3. g3 Bb7 4. Bg2 c5 5. Nf3 Nf6 6. O-O Nc6 7. Re1 d5 8. e5
Nd7 9. h4 Be7 10. Bf4 h6 11. Qc1 Nd4 12. Nh2 g5 13. hxg5 Bxg5 14. Na3 Bxf4
15. Qxf4 Qg5 16. Qxg5 hxg5 17. c3 Nc6 18. Ng4 Ke7 19. Nc2 a5 20. a4 Rac8
21. Na3 Rb8 22. Nb5 Ba6 23. Rad1 Kf8 24. c4 Bxb5 25. axb5 Nd4 26. cxd5 exd5
27. Bxd5 Ke7 28. Kg2 Nf8 29. Bc4 Nfe6 30. Nf6 Nc7 31. Ne4 Rbg8 32. Nd6 Nce6
33. Bxe6 Kxe6 34. Nc4 Rh6 35. Rh1 Rgh8 36. Rxh6+ Rxh6 37. Nxb6 Nxb5 38. Nc4
Nd4 39. Ra1 Nc6 40. Nxa5 Nxe5 41. Nc4 Nc6 42. Ra6 Kd5 43. Ne3+ 1-0

[Event "Ramadan Master Open"]
[Site "Abu Dhabi UAE"]
[Date "2010.08.18"]
[Round "7"]
[White "Raetsky,A"]
[Black "Arun Prasad,S"]
[Result "0-1"]
[WhiteElo "2442"]
[BlackElo "2535"]
[EventDate "2010.08.12"]

1. d4 Nf6 2. c4 e6 3. g3 c5 4. d5 exd5 5. cxd5 d6 6. Nc3 g6 7. Bg2 Bg7 8.
Nf3 O-O 9. O-O a6 10. a4 Re8 11. Nd2 Nbd7 12. Nc4 Ne5 13. Na3 Nh5 14. h3 f5
15. Kh2 g5 16. e4 g4 17. f4 gxf3 18. Bxf3 Nf6 19. Bg2 Nxe4 20. Ne2 b5 21.
Bf4 Rb8 22. axb5 axb5 23. Qc2 h5 24. Rab1 Ng6 25. b4 c4 26. Rbd1 Bd7 27.
Bxe4 Rxe4 28. Bxd6 Ra8 29. Nb1 h4 30. Rf3 Ne5 31. Bxe5 Bxe5 32. Nbc3 hxg3+
33. Kg2 Rh4 34. Qd2 Qf6 35. d6 Kh7 36. Nd5 Qg7 37. Nb6 Re8 38. Nxd7 Qxd7
39. Qg5 Rh6 40. Qxf5+ Qxf5 41. Rxf5 Rxd6 42. Rxd6 Bxd6 43. Nc3 Bxb4 44.
Nxb5 Be1 45. Nd4 Bf2 46. Rd5 c3 47. Rd7+ Kg6 48. Rd6+ Kf7 49. Nf5 Rc8 50.
Rd1 c2 51. Rc1 Ke6 52. Nxg3 Be3 0-1

[Event "Ramadan Master Open"]
[Site "Abu Dhabi UAE"]
[Date "2010.08.18"]
[Round "7"]
[White "AlHuwar,J"]
[Black "Koohestani,S"]
[Result "1/2-1/2"]
[WhiteElo "2311"]
[BlackElo "2345"]
[EventDate "2010.08.12"]

1. Nf3 Nf6 2. g3 b6 3. Bg2 Bb7 4. O-O e6 5. c4 Be7 6. b3 O-O 7. Bb2 c5 8.
Nc3 d5 9. cxd5 exd5 10. d4 Na6 11. dxc5 bxc5 12. Rc1 Nb4 13. a3 Na6 14. Na4
d4 15. Qd3 Qd5 16. e3 dxe3 17. Qxe3 Qe4 18. Qc3 Qg4 19. Rfe1 Rae8 20. h3
Qc8 21. Re5 Bc6 22. Bf1 Bxa4 23. bxa4 Nc7 24. Nh4 Ne6 25. Nf5 Qc7 26. h4
Bd6 27. Ree1 Be7 28. Qf3 Bd8 29. Bb5 Nd4 30. Nxd4 Rxe1+ 31. Rxe1 cxd4 32.
Bxd4 a6 33. Bc6 Qd6 34. Be5 Qc5 35. Qc3 Bb6 36. Qxc5 Bxc5 37. Bxf6 gxf6 38.
Be8 Bd4 39. Re7 Bc5 40. Rc7 Bxa3 41. Rc8 Kg7 42. Kg2 a5 43. Kf3 Bb4 44. Kf4
h6 45. f3 Rh8 46. h5 Rf8 47. g4 Rh8 48. Kf5 Rf8 49. Ke4 Rh8 50. Kd5 Rf8 51.
Kc6 Rh8 52. Kd7 Rf8 53. Rc4 Kg8 54. Re4 Kg7 55. Kc6 f5 56. gxf5 Rh8 57. Bd7
Rg8 58. Rg4+ 1/2-1/2

[Event "Ramadan Master Open"]
[Site "Abu Dhabi UAE"]
[Date "2010.08.18"]
[Round "7"]
[White "Tissir,M"]
[Black "Faisal,Ab"]
[Result "1/2-1/2"]
[WhiteElo "2466"]
[BlackElo "2282"]
[EventDate "2010.08.12"]

1. e4 c5 2. Nf3 e6 3. d4 cxd4 4. Nxd4 a6 5. Bd3 Qc7 6. O-O Nf6 7. Qe2 d6 8.
Kh1 g6 9. f4 Bg7 10. c4 O-O 11. Nc3 Nbd7 12. Nf3 b6 13. Bd2 Bb7 14. Rac1
Rac8 15. b4 Qb8 16. Qe1 Qa8 17. Qh4 h6 18. Rce1 d5 19. cxd5 exd5 20. e5 Ne4
21. Nb1 f5 22. exf6 Rxf6 23. Qg4 Nf8 24. Ne5 Re8 25. Be3 Bc8 26. Qe2 Nd7
27. Nf3 Rff8 28. Qd1 Ndf6 29. Ne5 Bf5 30. Bxb6 Qb7 31. Bc5 Nxc5 32. Bxf5
gxf5 33. bxc5 Ne4 34. Nd2 Nxc5 35. Ndf3 Ne4 36. Qd4 Rb8 37. Rd1 Qb2 38.
Qxd5+ Kh7 39. Rde1 Rb5 40. Qc6 Rf6 41. Qa8 Qxa2 42. Ra1 Qe2 43. Rae1 Qa2
44. Ra1 Qe2 45. Nd4 Nf2+ 46. Kg1 Nh3+ 47. Kh1 Nf2+ 48. Kg1 Nh3+ 49. gxh3
Qe3+ 50. Kh1 Qxd4 51. Rad1 Qb6 52. Rd7 Rb1 53. Rxb1 Qxb1+ 54. Kg2 Qc2+ 55.
Kg3 Qc3+ 56. Kg2 Qc2+ 57. Kf1 Qc1+ 58. Kg2 Qxf4 59. Rxg7+ Kxg7 60. Qb7+ Kg8
61. Qd5+ Kg7 62. Qd7+ Kg8 63. Qe8+ Rf8 64. Qe6+ Kg7 65. Qe7+ Kg8 66. Qe6+
Kg7 67. Qe7+ Kg8 68. Qe6+ Kg7 69. Qd7+ Kg8 70. Qd5+ Kg7 71. Qd7+ Kg8 72.
Qe6+ Kg7 73. Qe7+ Kg8 74. Qxf8+ Kxf8 75. Ng6+ Kf7 76. Nxf4 a5 77. Kf3 a4
78. Nd5 Ke6 79. Nc3 a3 80. Kf4 Kf6 81. h4 Kg6 82. Na2 Kh5 83. Kxf5 Kxh4
1/2-1/2

[Event "Ramadan Master Open"]
[Site "Abu Dhabi UAE"]
[Date "2010.08.18"]
[Round "7"]
[White "Ankit,R"]
[Black "Sarwat,W"]
[Result "1/2-1/2"]
[WhiteElo "2362"]
[BlackElo "2379"]
[EventDate "2010.08.12"]

1. e4 e5 2. Nf3 Nc6 3. Bb5 a6 4. Bxc6 dxc6 5. O-O f6 6. d4 Bg4 7. c3 Bd6 8.
Be3 Qe7 9. Nbd2 Nh6 10. Qb3 b6 11. c4 exd4 12. Bxh6 gxh6 13. Nxd4 c5 14.
Nf5 Bxf5 15. exf5 O-O-O 16. Qf3 Kb8 17. Ne4 Be5 18. Nc3 Bd4 19. g3 Qf7 20.
b3 h5 21. Rad1 h4 22. Nd5 hxg3 23. hxg3 Rhe8 24. Rfe1 1/2-1/2

[Event "Ramadan Master Open"]
[Site "Abu Dhabi UAE"]
[Date "2010.08.18"]
[Round "7"]
[White "Khademalsharieh,S"]
[Black "Narayanan,Sr"]
[Result "0-1"]
[WhiteElo "2097"]
[BlackElo "2409"]
[EventDate "2010.08.12"]

1. d4 Nf6 2. Nf3 e6 3. c4 c5 4. d5 exd5 5. cxd5 d6 6. Nc3 g6 7. h3 Bg7 8.
Bf4 O-O 9. e3 Na6 10. Bc4 Nc7 11. O-O a6 12. a4 Re8 13. Nd2 Rb8 14. a5 b5
15. axb6 Rxb6 16. Bb3 Rb4 17. Nc4 Bf8 18. Na5 Bd7 19. Na2 Rb8 20. Nc3 Ne4
21. Nxe4 Rxe4 22. Nc4 Qf6 23. Ra3 Bb5 24. Qd3 Rbe8 25. Rd1 Qf5 26. f3 Rxf4
27. exf4 Re1+ 28. Kf2 Rxd1 29. Qxd1 Qxf4 30. Ne3 Bg7 31. g3 Qd4 32. Qxd4
Bxd4 0-1

[Event "Ramadan Master Open"]
[Site "Abu Dhabi UAE"]
[Date "2010.08.19"]
[Round "8"]
[White "Sturua,Z"]
[Black "Anastasian,A"]
[Result "1-0"]
[WhiteElo "2512"]
[BlackElo "2578"]
[EventDate "2010.08.12"]

1. d4 d5 2. c4 dxc4 3. Nf3 Nf6 4. Nc3 a6 5. e4 b5 6. e5 Nd5 7. a4 e6 8.
axb5 Nb6 9. Be3 Be7 10. Nd2 Bb7 11. Nxc4 Nxc4 12. Bxc4 O-O 13. Qg4 g6 14.
Bh6 Re8 15. O-O axb5 16. Bxb5 c6 17. Rxa8 Bxa8 18. Ba4 Qb6 19. d5 Qxb2 20.
dxe6 Qxc3 21. exf7+ Kxf7 22. Rc1 Qb4 23. Qf3+ Ke6 24. Qh3+ Kxe5 25. Rd1
Qxa4 26. Bg7+ Kf4 27. Qg3+ 1-0

[Event "Ramadan Master Open"]
[Site "Abu Dhabi UAE"]
[Date "2010.08.19"]
[Round "8"]
[White "Grigoryan,Av"]
[Black "Sharbaf,M"]
[Result "1-0"]
[WhiteElo "2584"]
[BlackElo "2370"]
[EventDate "2010.08.12"]

1. d4 Nf6 2. c4 e6 3. g3 e5 4. dxe5 Ng4 5. Bg2 Nxe5 6. Nh3 Nxc4 7. Qd5 Nd6
8. Nc3 Be7 9. e4 Nc6 10. O-O O-O 11. b3 Bf6 12. Bb2 b6 13. Qd2 Bd4 14. Nf4
Ba6 15. Rfe1 Re8 16. Rad1 f6 17. h4 Nf7 18. Ncd5 Bxb2 19. Qxb2 Nce5 20. Qc3
c6 21. Ne3 Qe7 22. Nf5 Qc5 23. Qxc5 bxc5 24. Nh5 Nd3 25. Nfxg7 Nxe1 26.
Nxe8 Nxg2 27. Nexf6+ Kf8 28. Kxg2 d6 29. Nxh7+ Ke7 30. N7f6 Rh8 31. Rd2 Ne5
32. f4 Nd3 33. g4 c4 34. bxc4 Bxc4 35. g5 Nc5 36. Ng3 Nd3 37. Kf3 1-0

[Event "Ramadan Master Open"]
[Site "Abu Dhabi UAE"]
[Date "2010.08.19"]
[Round "8"]
[White "Arun Prasad,S"]
[Black "Guseinov,G"]
[Result "1-0"]
[WhiteElo "2535"]
[BlackElo "2611"]
[EventDate "2010.08.12"]

1. d4 d6 2. c4 g6 3. Nc3 Bg7 4. Nf3 Nf6 5. e4 O-O 6. Be2 c5 7. d5 e6 8. O-O
exd5 9. exd5 Bf5 10. Bd3 Bxd3 11. Qxd3 a6 1-0

[Event "Ramadan Master Open"]
[Site "Abu Dhabi UAE"]
[Date "2010.08.19"]
[Round "8"]
[White "Khouri,I"]
[Black "Amin,B"]
[Result "1/2-1/2"]
[WhiteElo "2208"]
[BlackElo "2568"]
[EventDate "2010.08.12"]

1. e4 e5 2. f4 exf4 3. Nf3 g5 4. h4 g4 5. Ne5 Nf6 6. Nxg4 Nxe4 7. d3 Ng3 8.
Bxf4 Qe7+ 9. Be2 Rg8 10. Bxg3 Rxg4 11. Bf2 Rxg2 12. Kf1 Rg8 13. Nc3 c6 14.
Bg4 Kd8 15. Qf3 d5 16. Bxc8 Kxc8 17. Qf5+ Qe6 18. Qxh7 Rg7 19. Qh8 Nd7 20.
Re1 Qg4 21. Re8+ Kc7 22. Rxa8 Rg8 23. Qd4 Qg2+ 24. Ke2 Qxh1 25. Qxa7 Qg2
26. Qa5+ b6 27. Qa7+ Kd6 28. Rd8 Qg4+ 29. Kf1 Qh3+ 30. Ke2 Ke7 31. Qa8 Qg4+
32. Kf1 Qh3+ 33. Ke2 Qg4+ 1/2-1/2